📺 2018 Shows: Pick the network! Quiz Stats

 Plays Quiz not verified by Sporcle

Score 0/73 Timer 10:00
0 Plays Today
Question Answer Wrong Answers
The Big Bang Theory CBS
58.7%
ABC
3.3%
FOX
1.7%
NBC
0.8%
The Simpsons FOX
58.7%
ABC
0.8%
CBS
0.8%
NBC
0%
Young Sheldon CBS
56.2%
ABC
1.7%
FOX
0.8%
NBC
0.8%
Hawaii Five-O CBS
55.4%
ABC
2.5%
FOX
2.5%
NBC
1.7%
NCIS: New Orleans CBS
55.4%
ABC
2.5%
FOX
0%
NBC
1.7%
Family Guy FOX
55.4%
ABC
3.3%
CBS
0.8%
NBC
1.7%
Grey's Anatomy ABC
55.4%
CBS
3.3%
FOX
1.7%
NBC
4.1%
NCIS CBS
54.5%
ABC
0%
FOX
0.8%
NBC
3.3%
Hell's Kitchen FOX
54.5%
ABC
4.1%
CBS
0.8%
NBC
0.8%
Bob's Burgers FOX
54.5%
ABC
1.7%
CBS
2.5%
NBC
0.8%
Dancing With the Stars ABC
53.7%
CBS
3.3%
FOX
1.7%
NBC
0.8%
NCIS: Los Angeles CBS
52.9%
ABC
1.7%
FOX
2.5%
NBC
1.7%
Survivor CBS
52.9%
ABC
1.7%
FOX
2.5%
NBC
4.1%
Dancing With the Stars: Juniors (N) ABC
52.1%
CBS
0.8%
FOX
1.7%
NBC
3.3%
Fresh Off the Boat ABC
51.2%
CBS
5%
FOX
4.1%
NBC
1.7%
Modern Family ABC
51.2%
CBS
2.5%
FOX
4.1%
NBC
2.5%
Will & Grace NBC
50.4%
ABC
5%
CBS
2.5%
FOX
2.5%
Criminal Minds CBS
50.4%
ABC
1.7%
FOX
3.3%
NBC
2.5%
Madam Secretary CBS
49.6%
ABC
5%
FOX
0%
NBC
1.7%
Mom CBS
49.6%
ABC
7.4%
FOX
1.7%
NBC
4.1%
How to Get Away with Murder ABC
48.8%
CBS
8.3%
FOX
0%
NBC
0.8%
Bull CBS
47.9%
ABC
0.8%
FOX
3.3%
NBC
3.3%
Blue Bloods CBS
47.9%
ABC
3.3%
FOX
2.5%
NBC
5%
The Goldbergs ABC
47.9%
CBS
2.5%
FOX
1.7%
NBC
3.3%
The Connors
(formerly Roseanne)
ABC
47.9%
CBS
4.1%
FOX
0.8%
NBC
4.1%
Empire FOX
47.9%
ABC
7.4%
CBS
2.5%
NBC
2.5%
Black-Ish ABC
47.9%
CBS
6.6%
FOX
2.5%
NBC
3.3%
Law & Order: SVU NBC
47.1%
ABC
2.5%
CBS
6.6%
FOX
2.5%
Chicago Fire NBC
47.1%
ABC
4.1%
CBS
5%
FOX
3.3%
S.W.A.T. CBS
47.1%
ABC
4.1%
FOX
0.8%
NBC
4.1%
SEAL Team CBS
45.5%
ABC
1.7%
FOX
2.5%
NBC
5.8%
Macgyver CBS
45.5%
ABC
5%
FOX
4.1%
NBC
2.5%
Chicago Med NBC
44.6%
ABC
5%
CBS
12.4%
FOX
0.8%
20/20 ABC
44.6%
CBS
10.7%
FOX
1.7%
NBC
2.5%
The Voice NBC
43.8%
ABC
5%
CBS
0.8%
FOX
6.6%
Superstore NBC
43.8%
ABC
4.1%
CBS
4.1%
FOX
4.1%
Chicago P.D. NBC
42.1%
ABC
3.3%
CBS
7.4%
FOX
0.8%
The Good Place NBC
42.1%
ABC
9.9%
CBS
5%
FOX
0.8%
This Is Us NBC
40.5%
ABC
12.4%
CBS
5%
FOX
0%
Speechless ABC
40.5%
CBS
4.1%
FOX
0%
NBC
8.3%
Dateline NBC
40.5%
ABC
8.3%
CBS
5%
FOX
2.5%
Shark Tank ABC
39.7%
CBS
9.9%
FOX
2.5%
NBC
1.7%
Magnum P.I. (R) CBS
39.7%
ABC
3.3%
FOX
3.3%
NBC
6.6%
Lethal Weapon FOX
38.8%
ABC
2.5%
CBS
10.7%
NBC
4.1%
American Housewife ABC
37.2%
CBS
4.1%
FOX
5.8%
NBC
5%
Murphy Brown (R) CBS
37.2%
ABC
4.1%
FOX
4.1%
NBC
7.4%
9-1-1 FOX
36.4%
ABC
5%
CBS
6.6%
NBC
6.6%
The Good Doctor ABC
35.5%
CBS
9.1%
FOX
2.5%
NBC
5%
Splitting Up Together ABC
34.7%
CBS
8.3%
FOX
6.6%
NBC
4.1%
Last Man Standing (R) FOX
33.9%
ABC
12.4%
CBS
5.8%
NBC
4.1%
Blindspot NBC
33.9%
ABC
8.3%
CBS
7.4%
FOX
0.8%
Star FOX
33.9%
ABC
8.3%
CBS
6.6%
NBC
6.6%
The Gifted FOX
33.1%
ABC
8.3%
CBS
7.4%
NBC
1.7%
Station 19 ABC
32.2%
CBS
8.3%
FOX
5.8%
NBC
6.6%
Sunday Night Football NBC
29.8%
ABC
5%
CBS
9.9%
FOX
7.4%
Rel (N) FOX
24.8%
ABC
7.4%
CBS
5.8%
NBC
7.4%
The Resident FOX
24.8%
ABC
9.9%
CBS
9.9%
NBC
9.1%
God Friended Me (N) CBS
24%
ABC
6.6%
FOX
5%
NBC
11.6%
The Cool Kids (N) FOX
24%
ABC
5.8%
CBS
8.3%
NBC
8.3%
FBI (N) CBS
24%
ABC
5%
FOX
5.8%
NBC
9.9%
Midnight, Texas (N) NBC
24%
ABC
5.8%
CBS
13.2%
FOX
9.1%
Thursday Night Football FOX
23.1%
ABC
4.1%
CBS
12.4%
NBC
12.4%
The Rookie (N) ABC
22.3%
CBS
9.1%
FOX
7.4%
NBC
9.9%
New Amsterdam (N) NBC
22.3%
ABC
7.4%
CBS
9.9%
FOX
7.4%
Child Support ABC
22.3%
CBS
5.8%
FOX
8.3%
NBC
10.7%
The Kids Are Alright (N) ABC
21.5%
CBS
9.9%
FOX
5.8%
NBC
7.4%
The Neighborhood (N) CBS
19.8%
ABC
11.6%
FOX
6.6%
NBC
7.4%
Manifest (N) NBC
19.8%
ABC
7.4%
CBS
9.1%
FOX
8.3%
The Alec Baldwin Show (N) ABC
19%
CBS
8.3%
FOX
6.6%
NBC
19%
A Million Little Things (N) ABC
18.2%
CBS
7.4%
FOX
7.4%
NBC
12.4%
Single Parents (N) ABC
17.4%
CBS
9.9%
FOX
6.6%
NBC
10.7%
I Feel Bad (N) NBC
16.5%
ABC
6.6%
CBS
10.7%
FOX
11.6%
Happy Together (N) CBS
15.7%
ABC
15.7%
FOX
2.5%
NBC
9.9%

You're not logged in!

Compare scores with friends on all Sporcle quizzes.
OR
Log In

Show Comments

Extras

Top Quizzes Today


Score Distribution

Your Account Isn't Verified!

In order to create a playlist on Sporcle, you need to verify the email address you used during registration. Go to your Sporcle Settings to finish the process.

Report this User

Report this user for behavior that violates our Community Guidelines.

Details: